The analysis of economic activities and food security situation of farm household in eastern ampilroung village ponhealeu district kandal province ការវិភាគសកម្មភាពសេដ្ឋកិច្ច និងស្ថានភាពសន្តិសុខស្បៀងរបស់គ្រួសារកសិករនៅភូមិអំពិលរូងខាងកើតស្រុកពញ្ខាឮកណ្ដាល (Record no. 313)
[ view plain ]
| 000 -LEADER | |
|---|---|
| fixed length control field | 00813nam a22001577a 4500 |
| 003 - CONTROL NUMBER IDENTIFIER | |
| control field | OSt |
| 005 - DATE AND TIME OF LATEST TRANSACTION | |
| control field | 20150912145243.0 |
| 008 - FIXED-LENGTH DATA ELEMENTS--GENERAL INFORMATION | |
| fixed length control field | 150912b xxu||||| |||| 00| 0 eng d |
| 040 ## - CATALOGING SOURCE | |
| Transcribing agency | RUA |
| 082 ## - DEWEY DECIMAL CLASSIFICATION NUMBER | |
| Classification number | AGR OUK 1997 B018 Or.1 |
| 100 ## - MAIN ENTRY--PERSONAL NAME | |
| 9 (RLIN) | 334 |
| Personal name | OUK, DUL |
| 245 ## - TITLE STATEMENT | |
| Title | The analysis of economic activities and food security situation of farm household in eastern ampilroung village ponhealeu district kandal province ការវិភាគសកម្មភាពសេដ្ឋកិច្ច និងស្ថានភាពសន្តិសុខស្បៀងរបស់គ្រួសារកសិករនៅភូមិអំពិលរូងខាងកើតស្រុកពញ្ខាឮកណ្ដាល |
| 260 ## - PUBLICATION, DISTRIBUTION, ETC. (IMPRINT) | |
| Place of publication, distribution, etc. | Phnom Penh |
| Name of publisher, distributor, etc. | RUA |
| Date of publication, distribution, etc. | 1997 |
| 300 ## - PHYSICAL DESCRIPTION | |
| Extent | 50p. |
| Other physical details | ill. |
| Dimensions | 29cm. |
| 942 ## - ADDED ENTRY ELEMENTS (KOHA) | |
| Source of classification or shelving scheme | |
| Koha item type | AGR |
| Price effective from | Date last seen | Permanent Location | Not for loan | Date acquired | Source of classification or shelving scheme | Koha item type | Barcode | Lost status | Damaged status | Shelving location | Withdrawn status | Current Location | Full call number |
|---|---|---|---|---|---|---|---|---|---|---|---|---|---|
| 2015-09-12 | 2015-09-12 | Library Block B | 2015-09-12 | AGR | RUA004437 | B018 | Library Block B | AGR OUK 1997 B018 Or.1 | |||||
| 2015-09-12 | 2015-09-12 | Library Block B | 2015-09-12 | AGR | RUA004299 | B018 | Library Block B | AGR OUK 1997 B018 Or.2 | |||||
| 2015-09-12 | 2015-09-12 | Library Block B | 2015-09-12 | AGR | RUA004148 | B018 | Library Block B | AGR OUK 1997 B018 Or.3 | |||||
| 2015-09-12 | 2015-09-12 | Library Block B | 2015-09-12 | AGR | RUA005203 | B018 | Library Block B | AGR OUK 1997 B018 Or.4 | |||||
| 2015-09-12 | 2015-09-12 | Library Block B | 2015-09-12 | AGR | RUA005059 | B018 | Library Block B | AGR OUK 1997 B018 Or.5 | |||||
| 2015-09-12 | 2015-09-12 | Library Block B | 2015-09-12 | AGR | RUA005204 | B018 | Library Block B | AGR OUK 1997 B018 Or.6 | |||||
| 2015-09-12 | 2015-09-12 | Library Block B | 2015-09-12 | AGR | RUA004234 | B018 | Library Block B | AGR OUK 1997 B018 Or.7 | |||||
| 2015-09-12 | 2015-09-12 | Library Block B | 2015-09-12 | AGR | RUA004147 | B018 | Library Block B | AGR OUK 1997 B018 Or.8 | |||||
| 2015-09-12 | 2015-09-12 | Library Block B | 2015-09-12 | AGR | RUA005186 | B018 | Library Block B | AGR OUK 1997 B018 Or.9 |